Tuyển tập Yến Lan

Wedi'i Gadw mewn:
Manylion Llyfryddiaeth
Prif Awdur: Yến Lan
Fformat: Llyfr
Iaith:Undetermined
Cyhoeddwyd: Hà Nội Văn học 1996
Pynciau:
Tagiau: Ychwanegu Tag
Dim Tagiau, Byddwch y cyntaf i dagio'r cofnod hwn!
Thư viện lưu trữ: Trung tâm Học liệu Trường Đại học Cần Thơ
LEADER 00482nam a2200169Ia 4500
001 CTU_15646
008 210402s9999 xx 000 0 und d
082 |a 809 
082 |b Y254 
100 |a Yến Lan 
245 0 |a Tuyển tập Yến Lan 
245 0 |c Yến Lan 
260 |a Hà Nội 
260 |b Văn học 
260 |c 1996 
650 |a vietnamese literature - 20th century - history and criticism 
980 |a Trung tâm Học liệu Trường Đại học Cần Thơ